[Event "London Classic Open 2015"]
[Site "London ENG"]
[Date "2015.12.07"]
[Round "5.95"]
[White "Kalavannan, Koby"]
[Black "Dukaczewski, Piotr"]
[Result "1-0"]
[BlackTitle "IM"]
[WhiteElo "2088"]
[BlackElo "2280"]
[WhiteFideId "425753"]
[BlackFideId "1103520"]
[EventDate "2015.12.04"]

1. d4 f5 2. Nf3 Nf6 3. c4 d6 4. g3 g6 5. Bg2 Bg7 6. O-O O-O 7. Nc3 e6 8. b4 Qe7
9. Qb3 e5 10. dxe5 dxe5 11. Ba3 c6 12. Rad1 e4 13. Nd4 Re8 14. Bc1 Nbd7 15. Rfe1
a5 16. a3 axb4 17. axb4 Nf8 18. Bf4 Qf7 19. e3 h6 20. Bf1 g5 21. Bd6 Ng4 22. Na4
Nd7 23. Qc2 Nge5 24. c5 Kh8 25. Bxe5 Nxe5 26. Nb6 Ra2 27. Bc4 Qxc4 28. Qxc4 Nxc4
29. Nxc4 Rf8 30. Nb6 Rb2 31. Nxc8 Rxc8 32. Nxf5 Rf8 33. g4 Bc3 34. Rb1 Rxb4 35.
Rxb4 Bxb4 36. Rb1 Bxc5 37. Rxb7 Rf6 38. Rb8+ Kh7 39. Re8 Bf8 40. Ng3 Kg8 41.
Nxe4 Rg6 42. Kg2 Kf7 43. Rc8 Bb4 44. Ng3 Ke7 45. Nf5+ Kd7 46. Rh8 c5 47. Rxh6
Rg8 48. Rh7+ Ke6 49. Rg7 Rxg7 50. Nxg7+ Kd5 51. Kf3 Kc4 52. Ne6 Kd3 53. Nxg5 c4
54. Ne4 Be7 55. g5 c3 56. Nxc3 Kxc3 57. g6 Bf8 58. Ke4 1-0

[Event "London Classic Open 2015"]
[Site "London ENG"]
[Date "2015.12.07"]
[Round "5.96"]
[White "Barton, R Alan"]
[Black "Dror, Levi"]
[Result "1-0"]
[WhiteElo "2012"]
[BlackElo "1798"]
[WhiteFideId "404233"]
[BlackFideId "2809583"]
[EventDate "2015.12.04"]

1. e4 e6 2. d4 d5 3. exd5 exd5 4. c4 Nf6 5. Nc3 Be6 6. Qb3 Nc6 7. Nf3 Rb8 8. Bg5
dxc4 9. Bxc4 Nxd4 10. Nxd4 Qxd4 11. Bxe6 Qe5+ 12. Be3 Qxe6 13. Qa4+ Qc6 14.
Qxc6+ bxc6 15. O-O-O Bb4 16. Bxa7 Ra8 17. Bd4 O-O 18. a3 Be7 19. Rhe1 Rfe8 20.
f3 Nd5 21. g3 Nxc3 22. Bxc3 Bd6 23. Rxe8+ Rxe8 24. Re1 Ra8 25. Kc2 f6 26. Re4
Kf7 27. a4 g6 28. a5 f5 29. Rc4 Ke6 30. b4 h5 31. Kd3 Kd5 32. Rd4+ Ke6 33. Kc4
Rf8 34. f4 Ra8 35. h4 Ra6 36. Rd2 Be7 37. Bd4 Bd6 38. Ra2 Kd7 39. b5 cxb5+ 40.
Kxb5 Ra8 41. a6 Rb8+ 42. Kc4 Kc6 43. a7 Ra8 44. Rb2 1-0

[Event "London Classic Open 2015"]
[Site "London ENG"]
[Date "2015.12.07"]
[Round "5.97"]
[White "Ettu, Kore"]
[Black "Korning, Peter"]
[Result "0-1"]
[WhiteElo "1816"]
[BlackElo "2000"]
[WhiteFideId "439932"]
[BlackFideId "1723332"]
[EventDate "2015.12.04"]

1. e4 e5 2. Nf3 Nc6 3. Bb5 a6 4. Bxc6 dxc6 5. d3 f6 6. O-O Be6 7. Be3 Qd7 8. Qe1
Ne7 9. d4 Bc4 10. dxe5 Bxf1 11. Qxf1 fxe5 12. Nxe5 Qe6 13. f4 Ng6 14. Nxg6 hxg6
15. Nd2 O-O-O 16. Qf3 Bc5 17. Nb3 Bxe3+ 18. Qxe3 Kb8 19. Re1 g5 20. e5 gxf4 21.
Qxf4 g5 22. Qb4 Rh4 23. Qxb7+ Kxb7 24. Nc5+ Kb6 25. Nxe6 Rg8 26. Re3 c5 27. Rc3
c4 28. b3 Re4 29. bxc4 Rxe5 30. Rb3+ Kc6 31. Nd4+ Kc5 32. Nf3 Re2 33. Ra3 g4 34.
Ra5+ Kb6 35. Rg5 Rd8 36. Rg6+ Kb7 0-1

[Event "London Classic Open 2015"]
[Site "London ENG"]
[Date "2015.12.07"]
[Round "5.98"]
[White "De Lagontrie, Jean"]
[Black "Calvert, D Ian"]
[Result "1/2-1/2"]
[WhiteElo "1776"]
[BlackElo "1984"]
[WhiteFideId "605271"]
[BlackFideId "406368"]
[EventDate "2015.12.04"]

1. d4 d5 2. c4 c6 3. Nf3 Nf6 4. Nc3 dxc4 5. a4 Bf5 6. e3 e6 7. Bxc4 Bb4 8. O-O
Nbd7 9. Qe2 Bg4 10. Rd1 Qa5 11. h3 Bh5 12. e4 O-O 13. e5 Nd5 14. Nxd5 cxd5 15.
Bd3 Bg6 16. Bxg6 fxg6 17. Be3 Rfc8 18. Qb5 Nf8 19. Qxa5 1/2-1/2

[Event "London Classic Open 2015"]
[Site "London ENG"]
[Date "2015.12.07"]
[Round "5.99"]
[White "Xaxiris, E."]
[Black "Mulay, Partha"]
[Result "1-0"]
[WhiteElo "1975"]
[BlackElo "1780"]
[WhiteFideId "4206720"]
[BlackFideId "436038"]
[EventDate "2015.12.04"]

1. d4 Nf6 2. c4 g6 3. Nc3 Bg7 4. e4 d6 5. f3 O-O 6. Bg5 Nc6 7. Qd2 e5 8. d5 Nd4
9. Nge2 h6 10. Be3 Nxe2 11. Bxe2 Kh7 12. O-O-O a6 13. Kb1 Bd7 14. c5 Qe7 15. b4
Rfc8 16. Rc1 Qe8 17. g4 Bf8 18. cxd6 cxd6 19. h4 Bb5 20. Kb2 Bxe2 21. Qxe2 b5
22. Qd2 Nd7 23. h5 g5 24. Ne2 Qd8 25. Rc6 Rxc6 26. dxc6 Nb6 27. Bxb6 Qxb6 28.
Rc1 Rc8 29. Qc3 Rc7 30. Kb3 Bg7 31. Ng3 Bf8 32. Nf5 Qa7 33. Ne3 Rc8 34. Nd5 f5
35. exf5 Qf7 36. Qd3 Bg7 37. f6+ 1-0

[Event "London Classic Open 2015"]
[Site "London ENG"]
[Date "2015.12.07"]
[Round "5.100"]
[White "Taylor, William J"]
[Black "Mohnblatt, Daniel"]
[Result "1-0"]
[WhiteElo "1962"]
[BlackElo "1766"]
[WhiteFideId "423130"]
[BlackFideId "648582"]
[EventDate "2015.12.04"]

1. e4 c6 2. d4 d5 3. f3 dxe4 4. fxe4 e5 5. Nf3 Bg4 6. c3 Nd7 7. Bc4 Bh5 8. O-O
Bd6 9. Be3 Ngf6 10. Nbd2 O-O 11. Bb3 Qc7 12. h3 Bg6 13. Nh4 exd4 14. Nxg6 hxg6
15. cxd4 Bb4 16. Qf3 Nb6 17. a3 Bxd2 18. Bxd2 Rae8 19. Bb4 Rxe4 20. Bxf8 Kxf8
21. Rad1 Re8 22. Qf2 Nbd5 23. Qh4 Kg8 24. Rde1 Rf8 25. Re5 Qb6 26. Bxd5 cxd5 27.
b4 Qa6 28. Qg3 Qc4 29. Qe3 Rc8 30. Re7 Rc7 31. Rxc7 Qxc7 32. Qe5 Qc3 33. Rf3
Qc1+ 34. Kh2 g5 35. Qf5 Qc7+ 36. Qe5 Qc1 37. Qe3 Qc7+ 38. Kg1 Ne4 39. Rf1 Qd7
40. Qf3 g6 41. Rc1 Kg7 42. Qd1 Qf5 43. Qf3 Qd7 44. Qd3 g4 45. hxg4 Qxg4 46. Qf3
Qh4 47. Rf1 f5 48. Qf4 Qe7 49. Rc1 Nd6 50. Qe5+ Qxe5 51. dxe5 Nc4 52. Rd1 Ne3
53. Rd3 f4 54. g3 g5 55. gxf4 gxf4 56. Rd4 Kf7 57. Kf2 Ng4+ 58. Kf3 Nxe5+ 59.
Kxf4 Ke6 60. Rd1 Kd6 61. Rh1 Nc4 62. Rh6+ Kd7 63. a4 Nb2 64. Ke5 Nd3+ 65. Kxd5
Nxb4+ 66. Kc5 Na6+ 67. Kc4 Nc7 68. Rh8 b6 69. Rh7+ Kc6 70. Rh6+ Kd7 71. Kb4 Ke7
72. Kc4 Kd7 73. Rh8 Kc6 74. Rb8 Na6 75. Rg8 Nc7 76. Rg7 Kd6 77. Kb3 Kc6 78. Kb4
Nd5+ 79. Kc4 Nc7 80. Rg6+ Kd7 81. Kd4 Ke7 82. Ke5 Kd7 83. Rh6 b5 84. axb5 Nxb5
85. Kd5 Nc7+ 86. Kc5 Ne6+ 87. Kb5 Nc7+ 88. Ka5 Kc8 89. Rh1 Kb7 90. Rb1+ Kc8 91.
Kb4 Na6+ 92. Kb5 Nc7+ 93. Kc6 Na6 94. Rc1 Kb8 95. Rd1 Kc8 96. Rc1 Kb8 97. Rh1
Nb4+ 98. Kb5 Nd5 99. Rh5 Ne7 100. Ka6 Nc8 101. Rh7 Ka8 102. Kb5 Kb8 103. Ka6 Ka8
104. Rh8 Kb8 105. Kb5 Kc7 106. Rh7+ Kb8 107. Kc6 a5 108. Rh8 1-0

[Event "London Classic Open 2015"]
[Site "London ENG"]
[Date "2015.12.07"]
[Round "5.101"]
[White "Prior, Stephen C V"]
[Black "Modica, Jake"]
[Result "0-1"]
[WhiteElo "1959"]
[BlackElo "1736"]
[WhiteFideId "423378"]
[BlackFideId "442160"]
[EventDate "2015.12.04"]

1. c4 c5 2. Nf3 Nf6 3. Nc3 e6 4. d4 cxd4 5. Nxd4 a6 6. g3 d5 7. Bg2 Be7 8. cxd5
exd5 9. O-O O-O 10. Qc2 Nc6 11. Nf5 Bxf5 12. Qxf5 d4 13. Nd5 Nxd5 14. Qxd5 Qb6
15. Rd1 Rad8 16. Qf5 Rfe8 17. Bd5 Rf8 18. Be4 g6 19. Qf3 Rfe8 20. h4 Ne5 21. Qg2
Rd7 22. h5 Bf6 23. Qh3 Qe6 24. Qxe6 Rxe6 25. Kg2 Nc4 26. Bd3 Ne5 27. hxg6 hxg6
28. Bc2 Rc7 29. Bb3 Nc4 30. Bf4 Rcc6 31. Bxc4 Rxc4 32. Kf3 g5 33. Bd2 Rc2 34. e3
Rxb2 35. exd4 Bxd4 36. Bxg5 Rxf2+ 37. Kg4 Bxa1 38. Rxa1 Rg6 39. Rc1 f6 40. Rc8+
Kf7 41. Rc7+ Ke6 42. Rxb7 Rxg5+ 43. Kh3 Rxa2 44. Rb6+ Kf5 45. g4+ Rxg4 46. Rb3
Raa4 47. Rf3+ Kg5 0-1

[Event "London Classic Open 2015"]
[Site "London ENG"]
[Date "2015.12.07"]
[Round "5.102"]
[White "Burbidge, Duncan R"]
[Black "Hung, Jake"]
[Result "1-0"]
[WhiteElo "1943"]
[BlackElo "1650"]
[WhiteFideId "412198"]
[BlackFideId "426431"]
[EventDate "2015.12.04"]

1. e4 c6 2. d4 d5 3. exd5 cxd5 4. c4 e6 5. Nf3 Nf6 6. Nc3 g6 7. c5 b6 8. b4 a5
9. Qa4+ Bd7 10. Bb5 bxc5 11. bxc5 Bxb5 12. Nxb5 Ke7 13. Bf4 Ne4 14. Nd6 Bg7 15.
Nxe4 dxe4 16. Bd6+ Kf6 17. Nd2 g5 18. Qc2 Nd7 19. Nxe4+ Kg6 20. h4 Bxd4 21.
Nxg5+ Kg7 22. Rd1 Bf6 23. Rh3 h6 24. Ne4 Rh7 25. c6 Rc8 26. c7 Qe8 27. Bf4 Be7
28. Rhd3 e5 29. Bh2 Nb6 30. Bxe5+ Kf8 31. Kf1 Qb5 32. Bd6 Nd5 33. Kg1 Rxc7 34.
Bxc7 Nb4 35. Rd8+ Bxd8 36. Rxd8+ Ke7 37. Qc3 Qf5 38. Re8+ Kd7 39. Nf6+ Qxf6 40.
Qxf6 Kxe8 41. Qd8# 1-0

[Event "London Classic Open 2015"]
[Site "London ENG"]
[Date "2015.12.07"]
[Round "5.103"]
[White "Barasi, Paul Dl"]
[Black "White, David J"]
[Result "1-0"]
[WhiteElo "1736"]
[BlackElo "1921"]
[WhiteFideId "432830"]
[BlackFideId "402931"]
[EventDate "2015.12.04"]

1. d4 Nf6 2. Bg5 d5 3. Bxf6 exf6 4. e3 g6 5. c4 dxc4 6. Bxc4 Bg7 7. Nc3 O-O 8.
Nge2 c6 9. O-O f5 10. Nf4 Nd7 11. Qc2 Nb6 12. Be2 Be6 13. Nxe6 fxe6 14. Rfd1 Qg5
15. Bf3 Rad8 16. Qb3 Qe7 17. Rac1 Kh8 18. Na4 Nxa4 19. Qxa4 f4 20. e4 b5 21. Qb3
Rxd4 22. Rxd4 Bxd4 23. Rxc6 e5 24. Qxb5 Qh4 25. Qe2 Rb8 26. b3 a5 27. Rc4 h5 28.
Rc6 Kh7 29. Rc2 Rg8 30. Qa6 Rg7 31. Qxa5 g5 32. Qd8 Kg6 33. Qc8 Kh7 34. Qf5+ Rg6
35. Rc7+ Kh8 36. Qf8+ Rg8 37. Qh6# 1-0

[Event "London Classic Open 2015"]
[Site "London ENG"]
[Date "2015.12.07"]
[Round "5.105"]
[White "Chen, Yi Jing Alvin"]
[Black "Simpson, Ben"]
[Result "1/2-1/2"]
[WhiteElo "1621"]
[BlackElo "1865"]
[WhiteFideId "5804051"]
[BlackFideId "444405"]
[EventDate "2015.12.04"]

1. Nf3 Nf6 2. c4 g6 3. g3 Bg7 4. Bg2 O-O 5. O-O d6 6. Nc3 c6 7. d3 a6 8. Rb1 b5
9. cxb5 axb5 10. a3 Nfd7 11. Nd2 Qb6 12. Nde4 d5 13. Ng5 b4 14. axb4 Qxb4 15.
Bd2 Qb6 16. b4 h6 17. Nf3 Na6 18. b5 Bxc3 19. bxa6 Qa5 20. Bxh6 Re8 21. Qc1 Rxa6
22. Qf4 Bf6 23. Bg5 Bg7 24. Bh6 e5 25. Qh4 Nf8 26. Bxg7 Kxg7 27. h3 c5 28. Qg5
f6 29. Qc1 Qc7 30. Nd2 Be6 31. Rb5 Nd7 32. h4 Rb8 33. Rxb8 Qxb8 34. Qc2 Rb6 35.
Ra1 Rb2 36. Qc1 Qb4 37. Rb1 Rxb1 38. Nxb1 Nb6 39. Nc3 Qb3 40. Bf3 Na4 41. Nxa4
Qxa4 42. Qxc5 Qd1+ 43. Kg2 Qb3 44. Qe7+ Bf7 45. g4 d4 46. g5 Qe6 47. gxf6+ Qxf6
48. Qxf6+ Kxf6 49. Be4 g5 50. hxg5+ Kxg5 51. Kg3 Bh5 52. Bf3 Bg6 53. Bd5 Bh5 54.
e3 dxe3 55. fxe3 Kf6 56. Kf2 Ke7 57. Ke1 Kd6 58. Bc4 Bf3 59. Kd2 Kc5 60. Kc3 Bh5
61. Kd2 Bf3 62. Kc3 Bb7 63. Bf7 Bf3 64. Bg6 Bd5 65. Kd2 Kd6 66. Ke1 Bb3 67. Kf2
Be6 68. Kg3 Bb3 69. Kh4 Be6 70. Kg5 Bb3 71. Kf6 Bd5 72. Bf7 Bb7 73. Bc4 Bc6 74.
Kg7 Kc5 75. Ba2 Bb7 76. Kf8 Ba6 77. Bb1 Kb4 78. d4 exd4 79. e4 d3 80. Bxd3 Bxd3
81. e5 Bf5 1/2-1/2

[Event "London Classic Open 2015"]
[Site "London ENG"]
[Date "2015.12.07"]
[Round "5.108"]
[White "Bin-Suhayl, Ieysaa"]
[Black "Chen, Meng Boon Marcus"]
[Result "1/2-1/2"]
[WhiteElo "1828"]
[BlackElo "1715"]
[WhiteFideId "429031"]
[BlackFideId "5812470"]
[EventDate "2015.12.04"]

1. d4 d5 2. Bf4 Nf6 3. e3 c5 4. c3 Nc6 5. Bd3 Qb6 6. Qb3 c4 7. Qxb6 axb6 8. Bc2
e6 9. Ne2 b5 10. Nd2 b4 11. O-O Be7 12. e4 b5 13. e5 Nd7 14. Be3 f6 15. exf6
Nxf6 16. a4 bxa3 17. bxa3 Kf7 18. Rfb1 Ra5 19. Nf3 h6 20. a4 Ba6 21. axb5 Rxa1
22. Rxa1 Bxb5 23. Rb1 Rb8 24. Bf4 Rb7 25. Ne5+ Nxe5 26. dxe5 Ne4 27. Bxe4 dxe4
28. Ng3 Bc6 29. Rxb7 Bxb7 30. Kf1 Kg6 31. Ke2 h5 32. Be3 1/2-1/2

[Event "London Classic Open 2015"]
[Site "London ENG"]
[Date "2015.12.07"]
[Round "5.109"]
[White "Turner, David J"]
[Black "Shamash, Michelle"]
[Result "0-1"]
[WhiteElo "1811"]
[BlackElo "1677"]
[WhiteFideId "419737"]
[BlackFideId "4225767"]
[EventDate "2015.12.04"]

1. e4 c6 2. d3 d5 3. Nd2 dxe4 4. dxe4 Nf6 5. Ngf3 Bg4 6. Qe2 Qa5 7. h3 Bxf3 8.
Qxf3 Nbd7 9. a3 e6 10. Bc4 Ne5 11. Qe2 Nxc4 12. Qxc4 Rd8 13. Qe2 Bb4 14. Rb1 Be7
15. O-O O-O 16. Nf3 Qb6 17. b4 Qc7 18. c4 Qd7 19. e5 Ne8 20. Rb3 b5 21. Bg5 Bxg5
22. Nxg5 h6 23. Nf3 Nc7 24. Rc1 a6 25. Rbc3 Na8 26. Qe4 Rc8 27. Qc2 Nb6 28. cxb5
cxb5 29. Rc7 Rxc7 30. Qxc7 Rc8 31. Qxb6 Rxc1+ 32. Kh2 Rc6 33. Qe3 Qc7 34. Qb3
Rc3 35. Qb2 Qc4 36. Nd2 Qf4+ 37. Kg1 Qxe5 38. Nf3 Qc7 0-1

[Event "London Classic Open 2015"]
[Site "London ENG"]
[Date "2015.12.07"]
[Round "5.110"]
[White "Edwards, Simon R"]
[Black "Chilton, James I"]
[Result "1-0"]
[WhiteElo "1945"]
[BlackElo "1742"]
[WhiteFideId "406821"]
[BlackFideId "423009"]
[EventDate "2015.12.04"]

1. e4 c5 2. Nf3 e6 3. d4 cxd4 4. Nxd4 a6 5. Be3 Nc6 6. Nc3 Qc7 7. Be2 Nf6 8. Qd2
b5 9. f3 Bb7 10. O-O-O Bb4 11. a3 Ba5 12. Nb3 b4 13. axb4 Bxb4 14. Bc5 d5 15.
Qg5 Bxc3 16. bxc3 O-O-O 17. Qxg7 Nh5 18. Qh6 Nf4 19. Bf1 dxe4 20. Rxd8+ Rxd8 21.
fxe4 Ne5 22. g3 Nfg6 23. Qe3 Qc6 24. Bg2 Nc4 25. Qe2 Nge5 26. Rd1 a5 27. Rxd8+
Kxd8 28. Qd1+ Kc8 29. Qd4 a4 30. Na5 Qb5 31. Nxc4 Nxc4 32. Bb4 e5 33. Qf2 a3 34.
Kb1 Nd6 35. Ka2 f5 36. Kxa3 Bxe4 37. Bxe4 Qa6+ 38. Kb3 Qc4+ 39. Kb2 Nxe4 40.
Qxf5+ Kd8 41. Qxe5 Qe2 42. Qh8+ Kc7 43. Qxh7+ Kb6 44. Qg6+ Kb5 45. Qe8+ Kb6 46.
h4 Qg4 47. Qb8+ Ka6 48. Qf4 Qe2 49. h5 Nd2 50. Qd6+ Kb5 51. Qd3+ Nc4+ 52. Kb3
Qe6 53. h6 Qe1 54. Qxc4+ Kb6 55. Kb2 Qh1 56. Qc5+ Kb7 57. Qe7+ Kc6 58. h7 Qd5
59. h8=Q Qb5 60. Qhf6+ Kd5 61. Qd4+ Kc6 62. Qed7# 1-0

[Event "London Classic Open 2015"]
[Site "London ENG"]
[Date "2015.12.08"]
[Round "6.1"]
[White "Fodor, Tamas Jr."]
[Black "Postny, Evgeny"]
[Result "1/2-1/2"]
[WhiteTitle "GM"]
[BlackTitle "GM"]
[WhiteElo "2492"]
[BlackElo "2670"]
[WhiteFideId "723762"]
[BlackFideId "2804344"]
[EventDate "2015.12.04"]

1. Nf3 Nf6 2. g3 b5 3. Bg2 Bb7 4. O-O e6 5. d3 d6 6. a4 b4 7. Nbd2 Be7 8. e4
Nbd7 9. Nc4 a5 10. Nd4 O-O 11. Nb3 c6 12. f4 d5 13. Ne5 dxe4 14. Nxd7 Nxd7 15.
Bxe4 Qb6+ 16. Kh1 Nf6 17. Bg2 Nd5 18. Qe2 Rad8 19. Qf2 c5 20. Be3 Nxe3 21. Qxe3
Bf6 22. Rab1 Bxg2+ 23. Kxg2 Rd5 24. Rf3 Qc6 25. Nxa5 Qxa4 26. Nb3 Qa2 27. Qc1
Qa8 28. Ra1 Qc6 29. Na5 Qb5 30. Nc4 b3 31. c3 Rfd8 32. Qf1 Qb7 33. Kg1 h5 34.
Qe2 g6 35. Qe4 Qc7 36. Ra3 Rb8 37. Nd2 Be7 38. Qc4 Rd6 39. Re3 Rdb6 40. h4 Qb7
41. Re1 Rd8 42. Kf2 Bf8 43. Rxb3 Rxb3 44. Qxb3 Qxb3 45. Nxb3 Rb8 46. Nd2 Rxb2
47. Re2 Be7 48. Ne4 Rb3 49. Rc2 Ra3 50. Ke2 f5 51. Ng5 Bxg5 52. hxg5 Kf7 53. c4
e5 54. Rb2 e4 55. Rb7+ Kf8 56. Rb8+ Kf7 57. Rb7+ Kf8 58. Rb8+ 1/2-1/2

[Event "London Classic Open 2015"]
[Site "London ENG"]
[Date "2015.12.08"]
[Round "6.2"]
[White "Krishna C R G"]
[Black "Lenderman, Aleksandr"]
[Result "1/2-1/2"]
[WhiteTitle "IM"]
[BlackTitle "GM"]
[WhiteElo "2367"]
[BlackElo "2626"]
[WhiteFideId "5018625"]
[BlackFideId "2021285"]
[EventDate "2015.12.04"]

1. d4 d6 2. Nf3 g6 3. g3 Bg7 4. Bg2 Nd7 5. c4 e5 6. Nc3 Ne7 7. O-O O-O 8. e4
exd4 9. Nxd4 Nc6 10. Nxc6 bxc6 11. Bd2 a5 12. Qc2 Ne5 13. Ne2 f5 14. f4 Ng4 15.
Rad1 Qe8 16. Bc1 fxe4 17. Qxe4 Bf5 18. Qxe8 Raxe8 19. Nd4 Bxd4+ 20. Rxd4 c5 21.
Rdd1 Bc2 22. Rde1 Bd3 23. Bd5+ Kg7 24. Rxe8 Rxe8 25. Rd1 Nf6 26. Bd2 1/2-1/2

[Event "London Classic Open 2015"]
[Site "London ENG"]
[Date "2015.12.08"]
[Round "6.4"]
[White "Sadzikowski, Daniel"]
[Black "Edouard, Romain"]
[Result "1/2-1/2"]
[WhiteTitle "IM"]
[BlackTitle "GM"]
[WhiteElo "2506"]
[BlackElo "2627"]
[WhiteFideId "1132253"]
[BlackFideId "633429"]
[EventDate "2015.12.04"]

1. e4 c5 2. Nf3 d6 3. d4 cxd4 4. Nxd4 Nf6 5. Nc3 g6 6. Be3 Bg7 7. f3 Nc6 8. Qd2
O-O 9. g4 Be6 10. O-O-O Nxd4 11. Bxd4 Qa5 12. a3 Rab8 13. Kb1 Rfc8 14. h4 b5 15.
Nd5 Qxd2 16. Rxd2 Nxd5 17. exd5 Bxd4 18. Rxd4 Bd7 19. Bd3 a5 20. b4 Ra8 21. Kb2
axb4 22. axb4 Ra6 23. Ra1 Rxa1 24. Kxa1 Kf8 25. Kb2 Ke8 26. f4 f5 27. g5 Kd8 28.
Be2 Be8 29. Rd1 Kc7 30. Ra1 Kb6 31. Ra5 Rb8 32. Bd3 Kc7 33. Kc3 Kb6 34. Kd4 Rc8
35. Ra1 Bf7 36. Ra5 Be8 37. Ke3 Bd7 38. Kd2 h5 39. Ra1 Be8 40. Ke3 Bd7 41. Kd4
Be8 42. Ra2 Rb8 43. Ra3 Rc8 44. Ra1 Rb8 45. c4 bxc4 46. Bxc4 Rc8 47. Ra6+ Kb7
48. Ra5 Kb6 49. Kc3 Bd7 50. Kb3 Be8 51. Ra6+ Kb7 52. Ra1 Kb6 53. Ra5 Rb8 54.
Ra6+ Kb7 55. Ra2 Kb6 56. Re2 Rb7 57. Rc2 Rb8 58. Bd3 Rd8 59. Re2 Rd7 60. Ra2 Rd8
61. Ra6+ Kb7 62. Ra2 1/2-1/2

[Event "London Classic Open 2015"]
[Site "London ENG"]
[Date "2015.12.08"]
[Round "6.5"]
[White "Blomqvist, Erik"]
[Black "Jumabayev, Rinat"]
[Result "1-0"]
[WhiteTitle "GM"]
[BlackTitle "GM"]
[WhiteElo "2493"]
[BlackElo "2599"]
[WhiteFideId "1709437"]
[BlackFideId "13702661"]
[EventDate "2015.12.04"]

1. Nf3 c5 2. c4 Nc6 3. d4 cxd4 4. Nxd4 Nf6 5. Nc3 e5 6. Nc2 Bc5 7. g3 d6 8. Bg2
Be6 9. b3 O-O 10. O-O h6 11. Be3 Qa5 12. Qd2 Bf5 13. Bxc5 dxc5 14. Ne3 Rad8 15.
Qb2 Nd4 16. Rac1 Bc8 17. Rfd1 Rfe8 18. a3 Be6 19. b4 cxb4 20. axb4 Qc7 21. Rd2
a6 22. Ned5 Bxd5 23. Nxd5 Nxd5 24. Bxd5 Qb6 25. Kg2 Nc6 26. Rcd1 Nxb4 27. c5 Qa5
28. Qc3 Rd7 29. Bc4 Rxd2 30. Rxd2 Re7 31. Ra2 Qxa2 32. Bxa2 Nxa2 33. Qd2 1-0

[Event "London Classic Open 2015"]
[Site "London ENG"]
[Date "2015.12.08"]
[Round "6.6"]
[White "Bok, Benjamin"]
[Black "Arkell, Keith C"]
[Result "1-0"]
[WhiteTitle "GM"]
[BlackTitle "GM"]
[WhiteElo "2594"]
[BlackElo "2490"]
[WhiteFideId "1017063"]
[BlackFideId "400270"]
[EventDate "2015.12.04"]

1. e4 c6 2. d4 d5 3. e5 Bf5 4. Nf3 e6 5. Be2 Be7 6. O-O h5 7. b3 Nd7 8. c4 Nh6
9. Nc3 a6 10. Ne1 h4 11. Nc2 Bxc2 12. Qxc2 Nf5 13. Rd1 g6 14. Bg4 Bg5 15. Bxf5
gxf5 16. Ba3 Be7 17. Bd6 Bxd6 18. exd6 Nf6 19. c5 Ne4 20. Ne2 Qg5 21. Qc1 Rg8
22. Qxg5 Nxg5 23. Rd3 Kd7 24. Re1 f6 25. Nf4 Rae8 26. Nh5 Rg6 27. Rde3 e5 28. f4
Ne4 29. fxe5 fxe5 30. dxe5 Rxe5 31. Nf4 Rg4 32. Nd3 Re8 33. Rf1 Ke6 34. Ref3
Reg8 35. Rxf5 Rxg2+ 36. Kh1 R8g7 37. Rh5 Rd2 38. Rh6+ 1-0

[Event "London Classic Open 2015"]
[Site "London ENG"]
[Date "2015.12.08"]
[Round "6.8"]
[White "Georgescu, Tiberiu-Marian"]
[Black "Dragun, Kamil"]
[Result "1/2-1/2"]
[WhiteTitle "GM"]
[BlackTitle "GM"]
[WhiteElo "2453"]
[BlackElo "2564"]
[WhiteFideId "1213300"]
[BlackFideId "1134167"]
[EventDate "2015.12.04"]

1. Nf3 d5 2. d4 Nf6 3. c4 e6 4. Nc3 Bb4 5. cxd5 exd5 6. Bf4 O-O 7. e3 c6 8. Qc2
Bd6 9. Bxd6 Qxd6 10. Bd3 Re8 11. O-O Nbd7 12. Rab1 Nf8 13. b4 Ng6 14. b5 Bg4 15.
Ng5 c5 16. dxc5 Qxc5 17. h3 d4 18. Nge4 Nxe4 19. Bxe4 Qxc3 20. Bxg6 hxg6 21.
Qxc3 dxc3 22. hxg4 Rac8 23. Rfc1 Red8 24. Rc2 Rc5 1/2-1/2

[Event "London Classic Open 2015"]
[Site "London ENG"]
[Date "2015.12.08"]
[Round "6.9"]
[White "Rambaldi, Francesco"]
[Black "Bartholomew, John"]
[Result "0-1"]
[WhiteTitle "GM"]
[BlackTitle "IM"]
[WhiteElo "2560"]
[BlackElo "2443"]
[WhiteFideId "20657307"]
[BlackFideId "2019353"]
[EventDate "2015.12.04"]

1. d4 d5 2. c4 c6 3. Nf3 Nf6 4. e3 Bf5 5. Nc3 e6 6. Nh4 Be4 7. f3 Bg6 8. Qb3 Qc7
9. Bd2 Be7 10. Nxg6 hxg6 11. O-O-O dxc4 12. Qxc4 a6 13. Qb3 b5 14. g3 c5 15.
dxc5 Nbd7 16. Kb1 Nxc5 17. Qc2 O-O 18. e4 Rac8 19. Be3 Na4 20. Rc1 Qb7 21. Qg2
Nxc3+ 22. Rxc3 Rxc3 23. bxc3 b4 24. c4 b3 25. Qb2 Nxe4 26. Qxb3 Qa8 27. Bd3 Nc5
28. Bxc5 Bxc5 29. Be4 Qa7 30. Kc2 Rb8 31. Qa4 Bb4 32. Rf1 Qe3 0-1

[Event "London Classic Open 2015"]
[Site "London ENG"]
[Date "2015.12.08"]
[Round "6.10"]
[White "Baron, Tal"]
[Black "Cox, John J"]
[Result "1/2-1/2"]
[WhiteTitle "GM"]
[BlackTitle "IM"]
[WhiteElo "2544"]
[BlackElo "2342"]
[WhiteFideId "2809958"]
[BlackFideId "401064"]
[EventDate "2015.12.04"]

1. e4 e6 2. d4 d5 3. Nc3 Nc6 4. e5 f6 5. Bb5 Bd7 6. Nf3 Qe7 7. a3 Qf7 8. O-O
Nge7 9. Re1 O-O-O 10. b4 h6 11. Bf1 Ng6 12. Qd2 b6 13. Na2 Kb7 14. c4 dxc4 15.
Bxc4 fxe5 16. dxe5 Be7 17. Qe2 Rhf8 18. Qe4 Kb8 19. Be3 Qf5 20. Qxf5 Rxf5 21.
Bd3 Rxf3 22. gxf3 Nh4 23. Be4 Nxe5 24. Red1 Nexf3+ 25. Kh1 Bd6 26. Nc3 Bxh2 27.
Nb5 Be5 28. Rac1 a6 29. Bc6 Bxc6 30. Rxd8+ Kb7 31. Rxc6 Kxc6 32. Nd4+ Nxd4 33.
Bxd4 Bxd4 34. Rxd4 Nf5 35. Rd3 Kb5 36. Rc3 c5 37. bxc5 bxc5 38. Kg2 Nd4 39. Kf1
c4 40. Ke1 Kc5 41. Kd2 Kd5 42. Rh3 a5 43. Rg3 Nf5 44. Rg6 h5 45. Kc3 h4 46. Rg4
h3 47. Rg1 Nd6 48. f3 Nb5+ 49. Kd2 Nd4 50. Rh1 Nxf3+ 51. Ke3 Nd4 52. Rxh3 c3 53.
Rh8 c2 54. Rd8+ Ke5 55. Rc8 Kd5 56. Rd8+ Ke5 57. Rc8 1/2-1/2

[Event "London Classic Open 2015"]
[Site "London ENG"]
[Date "2015.12.08"]
[Round "6.11"]
[White "Vishnu Prasanna, V"]
[Black "Vuilleumier, Alexandre"]
[Result "1-0"]
[WhiteTitle "GM"]
[BlackTitle "IM"]
[WhiteElo "2514"]
[BlackElo "2342"]
[WhiteFideId "5030692"]
[BlackFideId "1305662"]
[EventDate "2015.12.04"]

1. c4 e5 2. g3 Nf6 3. Bg2 h6 4. Nc3 Bb4 5. e4 Bxc3 6. bxc3 O-O 7. Ne2 d6 8. O-O
a6 9. Rb1 Be6 10. d3 b5 11. f4 bxc4 12. d4 c5 13. fxe5 dxe5 14. d5 Bg4 15. h3
Bh5 16. g4 Bg6 17. Ng3 Qa5 18. Rxf6 gxf6 19. Bxh6 Qxc3 20. Kh2 Nd7 21. Rb7 Kh7
22. Bxf8 Nxf8 23. Qf1 Kg7 24. g5 Nh7 25. h4 Qd2 26. h5 Nxg5 27. hxg6 Rh8+ 28.
Kg1 Qd4+ 29. Qf2 Qd1+ 30. Nf1 Qg4 31. Qg3 Qxg3 32. Nxg3 Kxg6 33. a4 1-0